| 000 | 00484nam a22001697a 4500 | ||
|---|---|---|---|
| 003 | OSt | ||
| 005 | 20140310182458.0 | ||
| 008 | 130806t xxu||||| |||| 00| 0 eng d | ||
| 020 | _a9780323043113 | ||
| 050 |
_aRB 145 _b.H884 2012 |
||
| 100 |
_aHuddnall, S. David _98537 |
||
| 245 |
_aHematology : _ba pathophysiologic approach / _cS. David Hudnall. |
||
| 260 |
_aUSA : _bMosby Inc. _cc2012. |
||
| 300 |
_axiii. 174 p. : _bill. col. ; _c31 cm. |
||
| 942 |
_2lcc _cSSLC |
||
| 999 |
_c13776 _d13776 |
||